PokéPark 2 : le Monde des Voeux - Statistiques

Statistiques générales
  • Ce quiz a été pris 22 fois
  • Le résultat moyen est 45 sur 60
Statistiques - réponses
Question Réponse % Correct
Qui est le Pokémon accompagnant Pikachu au Poképark ?
100%
Qui vend des entrées pour le Parc des Vœux ?
100%
Qui est le leader du mini-jeu Fabrique de Douceurs ?
100%
Qui est le Pokémon améliorant nos PV ?
100%
Quelle est la monnaie du jeu ? Baie
100%
Dans quelle épreuve vous affronte Vipélierre ? Course
100%
Comment peut-on devenir ami avec Maracachi ? L'emmener sur la plage ouest
100%
Comment peut-on devenir ami avec Miaouss ? Lui acheter quelque chose
100%
Quel duo de Pokémon peut-on voir dès la première cinématique du jeu ? Reshiram & Zekrom
100%
Quel est le nom de la première zone du Parc des Vœux ? Zone Douceurs
100%
Qui est le Pokémon que l'on rencontre sur le chemin menant à la première zone ?
90%
Qui devient notre premier compagnon ?
90%
Quel Pokémon donne les instructions pendant le mini-jeu ?
90%
Quel Pokémon est coincé dans le canon ?
90%
Quel Pokémon doit-on affronter pour avoir accès à la Gare de Dépôt ?
90%
Quel Pokémon n'est pas dans l'Entrepôt Secret ?
90%
Comment peut-on devenir ami avec Cadoizo ? Donner une boule de neige
90%
Comment peut-on devenir ami avec Minotaupe ? Gagner un duel
90%
Comment peut-on devenir ami avec Carchacrok ? Gagner un duel
90%
Comment peut-on devenir ami avec Ronflex ? Lui parler
90%
Quel objet doit-on chercher dans le phare pour réparer le promontoire ? Marteau
90%
Qui essaye de nous empêcher d'entrer dans le Parc des Vœux ?
80%
Quel Pokémon garde l'entrée de la Citadelle du Pic ?
80%
Quel Pokémon est dans la troisième zone du Parc des Vœux ?
80%
Quel Pokémon pousse les trains de la zone ?
80%
Qui est le leader du mini-jeu Vol Merveilleux ?
80%
Quel Pokémon se trouve à la Zone Mystique ?
80%
Que fait Darkrai à nos compagnons ? Il les rend amnésique
80%
Comment peut-on devenir ami avec Poichigeon ? L'emmener à la fontaine
80%
Comment peut-on devenir ami avec Tritonde ? Montrer une photo de Crapustule
80%
Comment s'appelle la zone centrale du Parc des Vœux ? Palais des Vœux
80%
Quels Pokémon permettent l'ouverture du Laboratoire ? Tic/Clic/Cliticlic
80%
Quel est le nom de la ville reliant chaque zone ? Vieux-Port
80%
Quel Pokémon n'est pas dans la première zone du Parc des Vœux ?
70%
Comment peut-on devenir ami avec Coconfort ? Battre les quatre en même temps
70%
Comment s'appelle le mini-jeu de Lugulabre ? Danse Glamour
70%
Quel est le défi de Tutankafer ? Détruire le gâteau
70%
Comment peut-on devenir ami avec Magicarpe ? L'emmener à la rivière
70%
Quel est le nom de la première moitié de la Zone Boisée ? Sente du Moulin
70%
Quelle attaque utilise Gruikui pour activer les interrupteurs au sol ? Tacle Feu
70%
Qui sont les kidnappeurs de Victini ? Tranchodon & Trioxhydre
70%
À qui Majaspic a confié le morceau de l'Affiche-Portail ?
60%
Quel Pokémon nous demande 10 Perles de Rosée pour devenir ami ?
60%
Quel Pokémon n'est pas dans la quatrième zone du Parc des Vœux ?
60%
Qui se sacrifie pour arrêter le trou noir du Parc des Vœux ?
60%
En quelle année est sortie Poképark 2 en Europe ? 2012
60%
Comment peut-on devenir ami avec Mysdibule ? Donner une gemme
60%
Comment peut-on devenir ami avec Mushana ? Lui parler
60%
Où se trouve le portail de Zekrom ? Parc des Vœux
60%
Quel est le nom de la troisième zone du Parc des Vœux ? Zone Fureur
60%
Combien de Pokémon sont disponibles dans ce jeu ? 194
50%
Combien de Plumes Blanc Réel faut-il pour rencontrer Reshiram ? 20
50%
Comment peut-on devenir ami avec Munna ? Donner 10 Bougies Senteur
50%
Comment peut-on devenir ami avec Coupenotte ? Gagner à la course
50%
Comment peut-on devenir ami avec Chapignon ? Gagner à la course
50%
Quels Pokémon vont chercher celui qui s'est sacrifié ? Reshiram & Zekrom
50%
Quel Pokémon apparaît sur le dos de la jaquette ?
40%
Comment peut-on devenir ami avec Voltorbe ? Répondre à un quiz
40%
Quel Pokémon n'apparaît pas sur la jaquette ?
30%
Qui nous demande 10 baies pour entrer au Parc des Vœux ?
30%
Aucun quiz correspondant
Distribution des résultats
% des personnes avec chaque résultat
Percentile par nombre de réponses
Votre historique - résultats
Vous n’avez pas pris ce quiz